000 00422pab a2200169 454500
008 180718b2010 xxu||||| |||| 00| 0 eng d
100 _aSabar, Bhubaneswar
245 _aTribal agriculture: the Chuktia Bhunjias in central India
260 _c2010
300 _ap.77-79.
362 _a20 Mar
650 _aTribes
650 _aAgriculture
773 _aEconomic and Political Weekly
908 _aN
909 _a86001
999 _c86001
_d86001